| 000 | 00648nam a22002057a 4500 | ||
|---|---|---|---|
| 001 | 8703 | ||
| 003 | FISKH | ||
| 005 | 20251013111936.0 | ||
| 008 | 251013b cb ||||| |||| 00| 0 eng d | ||
| 040 |
_aFISKH _beng _cFISKH _dFISKH |
||
| 082 | _a305 | ||
| 100 | _aAnonymous | ||
| 245 |
_aShiok, lah! : _bA singaporean story in Cambodia / |
||
| 260 |
_aPhnom Penh : _bSCIA, |
||
| 300 |
_a165 pages : _bcolor illustrations ; _c28 cm |
||
| 520 | _aThe magazine tends to cover “insights on hot topics relating to Education, Banking, Property markets and opportunities in Cambodia.” | ||
| 650 | _aMagazine | ||
| 942 |
_2ddc _cBK _n0 |
||
| 999 |
_c8703 _d8703 |
||